|
|
|
|
| LEADER |
00987nam a2200253 a 4500 |
| 001 |
2598106 |
| 008 |
110516r20041998mau 001 0 eng |
| 010 |
|
|
|a 97024041
|
| 020 |
|
|
|a 8178082195
|
| 020 |
|
|
|a 0201924889
|
| 040 |
|
|
|a DLC
|c DLC
|d DLC
|d BD-DhAAL
|
| 082 |
0 |
0 |
|a 005.13/3
|2 21
|
| 100 |
1 |
|
|a Meyers, Scott
|q (Scott Douglas)
|
| 245 |
1 |
0 |
|a Effective C++ :
|b 50 specific ways to improve your programs and designs /
|c Scott Meyers.
|
| 250 |
|
|
|a 2nd ed.
|
| 260 |
|
|
|a Reading, Mass. :
|b Addison-Wesley ;
|a New Delhi :
|b Pearson Education,
|c c1998 [reprinted 2004].
|
| 300 |
|
|
|a xx, 256 p. ;
|c 24 cm.
|
| 490 |
0 |
|
|a Addison-Wesley professional computing series
|
| 500 |
|
|
|a Includes index.
|
| 541 |
|
|
|e 00009810
|
| 650 |
|
0 |
|a C++ (Computer program language)
|
| 852 |
1 |
|
|a Ayesha Abed Library
|c General shelf.
|
| 999 |
|
|
|c 10848
|d 10848
|
| 952 |
|
|
|0 0
|1 0
|2 ddc
|4 0
|6 005_133000000000000_MEY
|7 0
|9 16489
|a BRACUL
|b BRACUL
|c GEN
|d 2011-05-16
|l 2
|o 005.133 MEY
|p 3010009810
|r 2019-11-09
|s 2019-11-08
|t 1
|w 2011-05-16
|y BK
|